000 00633nam a2200193 i 4500
001 125044
003 ES-MaACL
005 20230906192536.0
007 t|
008 070426s1942 sp ||||1| spa d
245 0 0 _aManual del Régimen obligatorio del Subsidio de Vejez.
250 _a2ª ed.
260 _aMadrid :
_b[s.n.],
_c1942 (
_fSobrinos Sucesores de Minuesa de los Ríos)
300 _a191 p. ;
_c15 cm.
490 1 _aPublicaciones del Instituto Nacional de Previsión ;
_v539
830 0 _aPublicaciones del Instituto Nacional de Previsión ;
_v539
_9181151
852 _aES-MaACL
_jC-12648(1)
999 _c125044
_d125044